00767 a2200193 45000010006000000050017000060080041000230030015000640400040000790800035001192450069001542500012002232640075002353000018003105050192003280410008005201000022005287000023005505958920260407155849.0260407a1978 arg spa dAR-UNSa-BCEJYS aAR-UNSa-BCEJYSbspacAR-UNSa-BCEJYS a330.34xDesarrollo Económico10aProgramas de desarrollo económicopintroducción a su estudio a4a. ed. 1aBuenos Aires :bEUDEBA (Editorial Universitaria de Buenos Aires)c1978 a45 p.c24 cm. a1. Modelo simple de economía cerrada - 2. Modelo simple de economía simple - 33. Sustitución de importaciones - 4. Modelo de crecimiento con proyecciones generales y sectoriales -  aspa1 aCuello, Raúl E.1 aTandeciarz, Carlos